Tình mẹ

Quà tặng cuộc sống; Hội tụ những câu chuyện về tấm lòng nhân hậu, những câu chuyện kỳ diệu được tạo nên bởi những con người rất giản dị: Tình mẹ, Những niềm vui nhỏ, Chuỗi yêu thương, Một lời cảm ơn, Màu sắc cầu vồng, Thiên tha...

詳細記述

保存先:
書誌詳細
その他の著者: Phan Hương
フォーマット: 図書
言語:Undetermined
出版事項: H. Thanh niên 2012
主題:
オンライン・アクセス:http://lrc.tdmu.edu.vn/opac/search/detail.asp?aID=2&ID=17103
タグ: タグ追加
タグなし, このレコードへの初めてのタグを付けませんか!
Thư viện lưu trữ: Trung tâm Học liệu Trường Đại học Thủ Dầu Một
LEADER 01076nam a2200193Ia 4500
001 TDMU_17103
008 210410s9999 xx 000 0 und d
082 |a 895.922301 
090 |b T312 
245 0 |a Tình mẹ 
260 |a H. 
260 |b Thanh niên 
260 |c 2012 
300 |a 183tr. 
520 |a Quà tặng cuộc sống; Hội tụ những câu chuyện về tấm lòng nhân hậu, những câu chuyện kỳ diệu được tạo nên bởi những con người rất giản dị: Tình mẹ, Những niềm vui nhỏ, Chuỗi yêu thương, Một lời cảm ơn, Màu sắc cầu vồng, Thiên thần đẹp nhất, Cây sồi, Bàn tay nhỏ, Ước mơ và tình chị em, Trái tim nhân hậu... 
650 |a Truyện ngắn Việt Nam; Văn học Việt Nam  |x Truyện ngắn 
700 |a Phan Hương 
856 |u http://lrc.tdmu.edu.vn/opac/search/detail.asp?aID=2&ID=17103 
980 |a Trung tâm Học liệu Trường Đại học Thủ Dầu Một